[Event "AUTO-ADV-3081"]
[Site "http://www.queenalice.com/game.php?id=1257943"]
[Date "2014.2.19"]
[Round "1"]
[White "ghina96"]
[Black "tiagopalma"]
[Result "1-0"]
[WhiteElo "1824"]
[BlackElo "1745"]

1. e4 e5 2. Bc4 Qh4 3. Nf3 Qxe4+ 4. Be2 c6 5. O-O d5 6. Nc3 Qf5 7. d4 Bd6 8. Re1
f6 9. Bd3 Qe6 10. dxe5 fxe5 11. Bf4 Nd7 12. Re2 Ngf6 13. Qe1 O-O 14. Bxe5 Nxe5
15. Nxe5 Bc5 16. Nf3 Qf7 17. a3 Bd7 18. Ne5 Qh5 19. Nf3 Bd6 20. b4 Rae8 21. Qd2
Ng4 22. h3 Rxf3 23. Rxe8+ Bxe8 24. hxg4 Qh2+ 25. Kf1 Rf6 26. Rd1 1-0

[Event "AUTO-ADV-3081"]
[Site "http://www.queenalice.com/game.php?id=1257952"]
[Date "2014.2.19"]
[Round "1"]
[White "ghina96"]
[Black "ACamargo"]
[Result "0-1"]
[WhiteElo "1828"]
[BlackElo "1944"]

1. e4 e5 2. Bc4 d6 3. Nc3 Nf6 4. d3 h6 5. h3 a6 6. Nf3 Be7 7. O-O c6 8. a3 b5 9.
Ba2 O-O 10. b4 Qc7 0-1

[Event "AUTO-ADV-3081"]
[Site "http://www.queenalice.com/game.php?id=1257953"]
[Date "2014.2.19"]
[Round "1"]
[White "ACamargo"]
[Black "ghina96"]
[Result "1-0"]
[WhiteElo "2027"]
[BlackElo "1832"]

1. d4 d5 2. c4 dxc4 3. Nc3 Nf6 4. e4 Nc6 5. d5 Ne5 6. Bf4 Nd3+ 7. Bxd3 cxd3 8.
Qxd3 e6 9. Rd1 exd5 10. exd5 Bd6 11. Bxd6 Qxd6 12. Qe3+ Qe7 13. Qxe7+ Kxe7 14.
Nge2 Re8 15. O-O Kf8 16. d6 cxd6 17. Rxd6 b6 18. Rfd1 Ba6 19. Nd4 Ne4 20. Nxe4
Rxe4 21. Nc6 Rae8 22. f3 R4e6 23. Rxe6 Rxe6 24. Nxa7 Ke8 25. b4 Re7 26. Nc6 Rd7
27. Rxd7 Kxd7 28. Nb8+ 1-0

[Event "Let's Play Chess!"]
[Site "http://www.queenalice.com/game.php?id=1444048"]
[Date "2016.10.4"]
[Round "-"]
[White "ghina96"]
[Black "paolop69"]
[Result "1-0"]
[WhiteElo "1874"]
[BlackElo "1817"]

1. e4 e5 2. Nf3 d6 3. Bc4 h6 4. Nc3 c6 5. O-O Bg4 6. Be2 Be7 7. d4 Nd7 8. b3
Ngf6 9. Bb2 a6 10. dxe5 Nxe5 11. Nxe5 Bxe2 12. Nxf7 Bxd1 13. Nxd8 Bxc2 14. Nxb7
Rb8 15. Na5 Rc8 16. Rac1 Bxe4 17. Nxe4 Nxe4 18. Bxg7 Rh7 19. Rfe1 d5 20. Bd4 Bb4
21. Rxe4+ Re7 22. Rxe7+ Kxe7 23. Nxc6+ Kd6 24. Be3 Rxc6 25. Rxc6+ Kxc6 26. Bxh6
Bc5 27. Kf1 d4 28. Ke2 Kd5 29. f3 Ke5 30. g4 Kf6 31. h4 Kg6 32. Bf4 Be7 33. h5+
Kh7 34. Kd3 Bf6 35. b4 Kh8 36. a4 1-0

[Event "AUTO-ADV-3713"]
[Site "http://www.queenalice.com/game.php?id=1444198"]
[Date "2016.10.5"]
[Round "1"]
[White "Petruzza"]
[Black "ghina96"]
[Result "0-1"]
[WhiteElo "1906"]
[BlackElo "1856"]

1. e4 e5 2. c3 Nf6 3. Qf3 Nc6 4. d3 Be7 5. Na3 O-O 6. Nc4 d5 7. Ne3 d4 8. cxd4
Nxd4 9. Qd1 Bb4+ 10. Bd2 Bxd2+ 11. Qxd2 Be6 12. Nf3 Nxf3+ 13. gxf3 Nh5 14. Nf5
Bxf5 15. exf5 Nf4 16. h4 Qf6 17. d4 Qxf5 18. dxe5 Qxe5+ 19. Be2 Nxe2 20. Qxe2
Qa5+ 21. Kf1 h6 22. h5 Rfe8 23. Qc4 Rad8 24. b4 Qe5 25. Kg2 Rd4 26. Qc5 Qxc5 27.
bxc5 Rc4 28. Rab1 Re5 29. Rxb7 Rg5+ 30. Kh3 Rxh5+ 31. Kg3 Rxh1 32. Rxc7 Ra1 33.
c6 Rxa2 34. f4 Rcc2 35. Kg4 Rxf2 36. Kh5 Rxf4 37. Rxa7 Rh2# 0-1

[Event "AUTO-ADV-3713"]
[Site "http://www.queenalice.com/game.php?id=1444199"]
[Date "2016.10.5"]
[Round "1"]
[White "ghina96"]
[Black "Petruzza"]
[Result "1-0"]
[WhiteElo "1888"]
[BlackElo "1888"]

1. e4 e5 2. Bc4 Qh4 3. Nc3 Bc5 4. g3 Qf6 5. Nf3 Nc6 6. O-O d6 7. Nd5 Qd8 8. d3
Be6 9. Ng5 h6 10. Nxe6 fxe6 11. Qh5+ Kd7 12. Qf7+ Nce7 13. Nxe7 Nxe7 14. Bxe6+
Kc6 15. Qxg7 Re8 16. Bxh6 d5 17. exd5+ Nxd5 18. Qxe5 Nb6 19. a4 Qd6 20. Qe4+ Nd5
21. Rfe1 Rxe6 22. Qxe6 Qxe6 23. Rxe6+ Kd7 24. Re5 Kc6 25. Bd2 Bd4 26. Rf5 Re8
27. c4 Ne7 28. Rf4 Bh8 29. Re1 Kd7 30. Bb4 Nc6 31. Rxe8 Kxe8 32. Rf8+ Kd7 33.
Bc3 Bxc3 34. bxc3 Ne5 35. d4 Nxc4 36. h4 Nb6 37. h5 Nxa4 38. h6 Nxc3 39. h7 Ne2+
40. Kg2 Nxd4 41. h8=Q c5 42. Rf6 Nc6 43. Qh7+ Kc8 44. Rf8+ Nd8 45. Qe7 b5 46.
Rxd8# 1-0

[Event "AUTO-ADV-3713"]
[Site "http://www.queenalice.com/game.php?id=1444216"]
[Date "2016.10.5"]
[Round "1"]
[White "ghina96"]
[Black "Tavinho92"]
[Result "1-0"]
[WhiteElo "1831"]
[BlackElo "1704"]

1. e4 e5 2. Bc4 Nf6 3. Nc3 Bc5 4. Nf3 Nc6 5. O-O O-O 6. d3 Na5 7. Bb3 Nxb3 8.
axb3 d5 9. Nxe5 dxe4 10. Nxe4 Nxe4 11. dxe4 Qxd1 12. Rxd1 Re8 13. Nd3 b6 14.
Nxc5 bxc5 15. f3 Ba6 16. Rxa6 f6 17. Be3 Re5 18. Rc6 Rc8 19. Bxc5 f5 20. Bd6 Re6
21. exf5 Rxd6 22. Rdxd6 cxd6 23. Rxc8+ Kf7 24. g4 a5 25. Kf2 Kf6 26. c3 Kg5 27.
Kg3 g6 28. fxg6 hxg6 29. Rf8 d5 30. h4+ Kh6 31. Rd8 g5 32. Rxd5 Kg6 33. Rxa5 Kf6
34. b4 gxh4+ 35. Kxh4 1-0

[Event "AUTO-ADV-3713"]
[Site "http://www.queenalice.com/game.php?id=1444217"]
[Date "2016.10.5"]
[Round "1"]
[White "Tavinho92"]
[Black "ghina96"]
[Result "0-1"]
[WhiteElo "1716"]
[BlackElo "1819"]

1. e4 e5 2. d4 exd4 3. c3 dxc3 4. Bc4 cxb2 5. Qf3 Nf6 6. Bxb2 Bb4+ 7. Bc3 Bxc3+
8. Nxc3 O-O 9. Nge2 d6 10. O-O Nc6 11. Rad1 Ne5 12. Qf4 Nxc4 13. e5 Nxe5 14. Nd4
b6 15. Rfe1 Bb7 16. Nf5 Ng6 17. Qg3 Qd7 18. Nd4 a6 19. f4 Rfe8 20. f5 Ne5 21. h4
c5 22. Nde2 Qxf5 23. Rf1 Qd7 24. Nf4 Neg4 25. Rb1 b5 26. Qh3 b4 27. Na4 Qxa4 0-1

[Event "AUTO-ADV-3713"]
[Site "http://www.queenalice.com/game.php?id=1444218"]
[Date "2016.10.5"]
[Round "1"]
[White "ghina96"]
[Black "Grow"]
[Result "1-0"]
[WhiteElo "1931"]
[BlackElo "1433"]

1. e4 e5 2. Bc4 Nf6 3. Nc3 d6 4. d3 Ng4 5. Nf3 c6 6. O-O d5 7. exd5 b5 8. Bb3
Bd7 9. dxc6 Bxc6 10. Re1 Qf6 11. Bd5 Bd6 12. Bxc6+ Nxc6 13. h3 Nh6 14. d4 O-O
15. Bxh6 gxh6 16. Nxb5 exd4 17. Nbxd4 Nxd4 18. Nxd4 Bc5 19. Qg4+ Kh8 20. c3 Rg8
21. Qe4 Rae8 22. Qd5 Qg6 23. Rxe8 Bxd4 24. Qxd4+ f6 25. Rxg8+ Kxg8 26. Re1 Kf7
27. Qd5+ Kf8 28. Qd8+ 1-0

[Event "AUTO-ADV-3713"]
[Site "http://www.queenalice.com/game.php?id=1444219"]
[Date "2016.10.5"]
[Round "1"]
[White "Grow"]
[Black "ghina96"]
[Result "0-1"]
[WhiteElo "1795"]
[BlackElo "1842"]

1. e4 e5 2. Bc4 Nf6 3. f3 Nc6 4. Nh3 Bc5 5. Ng5 d5 6. exd5 Nxd5 7. Nc3 Qxg5 8.
Qe2 Nf4 9. Ne4 Qg6 10. Qf1 Nxg2+ 11. Kd1 Bb6 12. Bd3 Nf4 13. Rg1 Bxg1 14. Nf6+
Qxf6 15. Qxg1 Nxd3 16. cxd3 Qxf3+ 17. Kc2 Nd4+ 18. Qxd4 exd4 19. b4 Bf5 20. Kb3
Qxd3+ 21. Ka4 Bd7+ 22. b5 Qxb5+ 23. Ka3 O-O 24. Bb2 Qa4# 0-1

[Event "O REBOLATION V"]
[Site "http://www.queenalice.com/game.php?id=1446112"]
[Date "2016.10.17"]
[Round "-"]
[White "zubarev"]
[Black "ghina96"]
[Result "0-1"]
[WhiteElo "1835"]
[BlackElo "1918"]

1. e4 e5 2. f4 exf4 3. Nf3 d6 4. d4 Nf6 5. Bd3 Bg4 6. Bxf4 Nc6 7. c3 Be7 8. O-O
O-O 9. Nbd2 Nd7 10. Qb3 b6 11. Qd5 Na5 12. b4 Be6 13. Qb5 a6 14. Qa4 Nb7 15.
Bxa6 Nb8 16. b5 Bd7 17. Qb3 Nxa6 18. bxa6 Rxa6 19. e5 dxe5 20. Nxe5 Be6 21. Qb5
Rxa2 22. Rxa2 Bxa2 23. Qa6 Na5 24. Rf2 Bg5 25. Bxg5 Qxg5 26. h3 Bd5 27. Qe2 Re8
28. Qb5 Qd8 29. c4 c6 30. Qb2 Be6 31. Nxc6 Nxc6 32. d5 Bxd5 33. cxd5 Ne5 34. Kf1
Nd3 35. Qa3 Nxf2 36. Kxf2 Qxd5 37. Qc3 Qf5+ 38. Kg1 h6 39. Nf3 b5 40. Qc6 Rb8
41. Qd6 Qc8 42. Qb4 Qc4 43. Qd6 Ra8 44. Ne5 Ra1+ 45. Kh2 Qf4+ 0-1

[Event "BOEING 717-200 V"]
[Site "http://www.queenalice.com/game.php?id=1446113"]
[Date "2016.10.17"]
[Round "-"]
[White "ghina96"]
[Black "zubarev"]
[Result "1-0"]
[WhiteElo "1904"]
[BlackElo "1849"]

1. e4 Nc6 2. Nf3 e5 3. Nc3 d6 4. Bc4 Be6 5. Bb5 Ne7 6. d3 Bd7 7. O-O g6 8. Bg5
Bg7 9. Nd5 O-O 10. Bxc6 f6 11. Bxd7 Qxd7 12. Nxe7+ Qxe7 13. Be3 f5 14. exf5 Rxf5
15. c3 Kf8 16. Re1 Kg8 17. Qb3+ Kh8 18. Bd4 c5 19. Be3 Rb8 20. d4 Rbf8 21. Rad1
b6 22. a3 Qf7 23. Qxf7 R8xf7 24. dxe5 dxe5 25. Rd8+ Bf8 26. Bh6 Kg8 27. Nxe5 Re7
28. Rxf8+ Rxf8 29. Bxf8 Kxf8 30. Nf3 Rd7 31. h3 Rd3 32. Ne5 Rd2 33. Nc4 Rc2 34.
a4 Kf7 35. g3 Kf6 36. Kg2 a6 37. Nxb6 Rxb2 38. Nd7+ 1-0

[Event "Parque da Lagoa, em João Pessoa"]
[Site "http://www.queenalice.com/game.php?id=1447020"]
[Date "2016.10.23"]
[Round "-"]
[White "zubarev"]
[Black "ghina96"]
[Result "0-1"]
[WhiteElo "1847"]
[BlackElo "1933"]

1. d4 d5 2. Nc3 Nc6 3. Nf3 Nf6 4. e3 Bf5 5. Bd3 Bxd3 6. Qxd3 e6 7. O-O Bd6 8.
Nb5 O-O 9. c4 Nb4 10. Qe2 c6 11. Nc3 b6 12. a3 Na6 13. c5 Nxc5 14. Ne5 Bxe5 15.
dxe5 Nfe4 16. f4 Nxc3 17. bxc3 Ne4 18. Qd3 f6 19. Bb2 fxe5 20. fxe5 Qg5 21. Qe2
Qxe5 22. Rxf8+ Rxf8 23. c4 Qd6 24. cxd5 exd5 25. Qg4 Nf6 26. Qh4 Qe6 27. Rc1
Qxe3+ 28. Kh1 c5 29. Rg1 d4 30. Re1 Nd5 31. h3 Qf4 32. Qh5 Qf5 33. Qh4 Ne3 34.
Qe7 Qf2 35. Rg1 Qxb2 36. Qxa7 d3 37. Qe7 Qf2 0-1

[Event "Challenge"]
[Site "http://www.queenalice.com/game.php?id=1454212"]
[Date "2016.12.10"]
[Round "-"]
[White "jorm"]
[Black "ghina96"]
[Result "0-1"]
[WhiteElo "1965"]
[BlackElo "1946"]

1. e4 e5 2. Nc3 Nf6 3. a3 Bc5 4. d3 O-O 5. g4 d6 6. h3 Nc6 7. Nge2 Be6 8. f4 Nd7
9. Ng3 Qh4 10. Ne2 Nd4 11. Bg2 Nxe2 12. Qxe2 Qxg3+ 13. Kd1 exf4 14. Rf1 Be3 15.
Rf3 Qh2 16. Bxe3 fxe3 17. Rxe3 Rae8 18. Kd2 Qe5 19. c3 c5 20. h4 Nf6 21. Bh3 c4
22. d4 Qb5 23. Rb1 h5 24. gxh5 Qxh5 25. e5 Qxe2+ 26. Kxe2 Nd5 27. Rg3 Bxh3 28.
Rxh3 Nf4+ 0-1

[Event "AUTO-MASTER-2564"]
[Site "http://www.queenalice.com/game.php?id=1464618"]
[Date "2017.2.15"]
[Round "1"]
[White "ghina96"]
[Black "aperturaf"]
[Result "0-1"]
[WhiteElo "2034"]
[BlackElo "2211"]

1. e4 e6 2. d4 d5 3. exd5 exd5 4. Nf3 Nf6 5. Bd3 Bd6 6. O-O O-O 7. Nc3 c6 8. Bg5
Bg4 9. Re1 Nbd7 10. h3 Bh5 11. Qe2 Qb6 12. Na4 Qb4 13. b3 Rae8 14. Qd2 Ne4 15.
Qxb4 Bxb4 16. Bxe4 dxe4 17. Bd2 Bd6 18. Ng5 f5 19. h4 h6 20. Nh3 f4 21. Nc5 Nxc5
22. dxc5 Bc7 23. f3 e3 24. Bc3 Bd8 25. Red1 Bxh4 26. Rd7 Re7 27. Rxe7 Bxe7 28.
Rd1 g5 29. Kf1 Bxc5 30. Rd7 Rf7 31. Rd8+ Bf8 32. Ng1 Bg6 33. Bd4 b6 34. c3 Bb1
35. a4 c5 36. Be5 Bc2 37. b4 cxb4 38. cxb4 Bxa4 39. Bd6 Kg7 0-1

[Event "AUTO-MASTER-2564"]
[Site "http://www.queenalice.com/game.php?id=1464619"]
[Date "2017.2.15"]
[Round "1"]
[White "aperturaf"]
[Black "ghina96"]
[Result "1-0"]
[WhiteElo "2189"]
[BlackElo "1986"]

1. e4 e5 2. Nf3 Nc6 3. d4 exd4 4. Nxd4 Nf6 5. Nxc6 bxc6 6. e5 Qe7 7. Qe2 Nd5 8.
c4 Nb6 9. Nd2 Ba6 10. b3 d6 11. exd6 Qxe2+ 12. Bxe2 cxd6 13. O-O Be7 14. Bf3 O-O
15. Ba3 Rac8 16. Rfe1 Bf6 17. Rad1 c5 18. Ne4 Be5 19. Nxd6 Bxd6 20. Rxd6 Rce8
21. Rxe8 Rxe8 22. Rd1 Nd7 23. Bc6 Bc8 24. h3 Rd8 25. Bxc5 1-0

[Event "AUTO-MASTER-2564"]
[Site "http://www.queenalice.com/game.php?id=1464620"]
[Date "2017.2.15"]
[Round "1"]
[White "ghina96"]
[Black "clovis"]
[Result "1-0"]
[WhiteElo "1978"]
[BlackElo "1961"]

1. e4 e5 2. Bc4 Nf6 3. Nc3 Nxe4 4. Qh5 Nd6 5. Qxe5+ Qe7 6. Qxe7+ Bxe7 7. Bb3 Nc6
8. Nf3 O-O 9. O-O Bf6 10. d3 Nf5 11. Bf4 d6 12. Rfe1 Ncd4 13. Nd5 Nxf3+ 14. gxf3
Nd4 15. Nxf6+ gxf6 16. Kg2 Nxb3 17. axb3 Bd7 18. c3 Rfe8 19. Re3 a6 20. Rae1
Rxe3 21. fxe3 Kh8 22. Rg1 Bc6 23. e4 Re8 24. Kf2 Rg8 25. Rxg8+ Kxg8 26. Bh6 Bd7
27. f4 f5 28. e5 dxe5 29. fxe5 f6 30. exf6 Kf7 31. Bg7 Be6 32. c4 Kg6 33. Kf3
Kg5 34. h4+ Kxh4 35. Kf4 h5 36. d4 c6 37. Ke5 Bf7 38. Kxf5 Kg3 39. Ke5 h4 40. d5
cxd5 41. cxd5 h3 42. Bh6 Kg4 43. Bf4 1-0

[Event "AUTO-MASTER-2564"]
[Site "http://www.queenalice.com/game.php?id=1464621"]
[Date "2017.2.15"]
[Round "1"]
[White "clovis"]
[Black "ghina96"]
[Result "0-1"]
[WhiteElo "2111"]
[BlackElo "1963"]

1. e4 e5 2. Bc4 Nf6 3. Nc3 Nc6 4. Nf3 Bb4 5. O-O Bxc3 6. dxc3 O-O 7. Bg5 d6 8.
Qe2 Be6 9. Bb3 Bxb3 10. axb3 a6 11. Rad1 Qe7 12. Nh4 g6 13. f4 exf4 14. Rxf4 Qe5
15. Nf3 Qc5+ 16. Kf1 Nh5 17. Rh4 Ne5 18. Rxh5 gxh5 19. Rd5 Qc6 20. Nxe5 dxe5 21.
Rxe5 f6 22. Re7 fxg5+ 0-1

[Event "AUTO-MASTER-2564"]
[Site "http://www.queenalice.com/game.php?id=1464622"]
[Date "2017.2.15"]
[Round "1"]
[White "ghina96"]
[Black "jpribeiro"]
[Result "0-1"]
[WhiteElo "1977"]
[BlackElo "2182"]

1. e4 e5 2. Bc4 Nf6 3. Nc3 Bc5 4. Nf3 d6 5. d3 Bg4 6. Bg5 Nbd7 7. O-O h6 8. Bxf6
Nxf6 9. h3 Be6 10. Bxe6 fxe6 11. a3 a5 0-1

[Event "AUTO-ADV-3713"]
[Site "http://www.queenalice.com/game.php?id=1470422"]
[Date "2017.3.25"]
[Round "2"]
[White "ghina96"]
[Black "serrameira"]
[Result "1-0"]
[WhiteElo "1969"]
[BlackElo "1983"]

1. e4 c5 2. Bc4 Nc6 3. Nf3 e6 4. Nc3 d6 5. d4 cxd4 6. Nxd4 Nxd4 7. Qxd4 e5 8.
Qd5 Qc7 9. Nb5 Qd7 10. Nxd6+ Bxd6 11. Bb5 Bb4+ 12. c3 1-0

[Event "AUTO-ADV-3713"]
[Site "http://www.queenalice.com/game.php?id=1470423"]
[Date "2017.3.25"]
[Round "2"]
[White "serrameira"]
[Black "ghina96"]
[Result "0-1"]
[WhiteElo "1992"]
[BlackElo "1993"]

1. e4 e5 2. Nf3 Nc6 3. Bc4 Bc5 4. b4 Bxb4 5. c3 Bc5 6. d4 exd4 7. O-O Nge7 8.
cxd4 Bb6 9. Qb3 O-O 10. Ng5 d5 11. exd5 Nxd4 12. Qd3 Bf5 13. Qd2 h6 14. Bb2 c5
15. Bxd4 cxd4 16. Nf3 Rc8 17. Bb3 Nxd5 18. Nxd4 Be4 19. Bxd5 Qxd5 20. Nf3 Bxf3
21. gxf3 Qxf3 22. Qd1 Bxf2+ 0-1

[Event "AUTO-ADV-3713"]
[Site "http://www.queenalice.com/game.php?id=1470424"]
[Date "2017.3.25"]
[Round "2"]
[White "ghina96"]
[Black "chessman"]
[Result "1-0"]
[WhiteElo "2009"]
[BlackElo "1976"]

1. e4 e6 2. d4 d5 3. Nd2 Nf6 4. e5 Nfd7 5. Ngf3 c5 6. Bb5 Nc6 7. Bxc6 bxc6 8.
O-O cxd4 9. Nxd4 c5 10. N4f3 Be7 11. c4 d4 12. Ne4 O-O 13. Bg5 Bxg5 14. Nexg5 h6
15. Ne4 Qb6 16. Rb1 Bb7 17. Ned2 Qc7 18. Re1 Rfd8 19. b4 a6 20. bxc5 Nxc5 21.
Nb3 Na4 22. Nbxd4 Nc3 23. Rxb7 Qxb7 24. Qc2 Nd5 25. cxd5 Qxd5 26. Rc1 a5 27. Nc6
Re8 28. Rd1 Qb5 29. Nfd4 Qb7 30. Rb1 Rec8 31. Rxb7 1-0

[Event "AUTO-ADV-3713"]
[Site "http://www.queenalice.com/game.php?id=1470425"]
[Date "2017.3.25"]
[Round "2"]
[White "chessman"]
[Black "ghina96"]
[Result "0-1"]
[WhiteElo "1869"]
[BlackElo "2024"]

1. e4 e5 2. Nf3 Nc6 3. Bb5 Nf6 4. O-O Nxe4 5. Re1 Nd6 6. Nxe5 Nxe5 7. Rxe5+ Be7
8. Ba4 O-O 9. Re1 Nf5 10. d4 d5 11. Bb3 c6 12. c3 Bg5 13. Bxg5 Qxg5 14. Qf3 Bd7
15. Na3 Rae8 16. Nc2 Nd6 17. Ne3 h5 18. Re2 Bg4 19. Nxg4 Qxg4 20. Qxg4 hxg4 21.
Rae1 Rxe2 22. Rxe2 f5 23. Bc2 Kf7 24. Kf1 Kf6 25. Bb1 Rh8 26. Kg1 b6 27. a4 Nf7
28. Bd3 g6 29. Re3 a5 30. Re1 Ng5 31. Re2 Ne6 32. Kf1 c5 33. dxc5 bxc5 34. Kg1
c4 35. Bb1 Rb8 36. Kf1 Nc5 0-1